Sports Quiz

Random Sports or World Quiz

World Cup 1998 Starting Lineups Part 1 Quiz Stats

 Plays Quiz not verified by Sporcle

Also try: NCAA Helmets III
Challenge
Share
Tweet
Embed
Score 0/176 Timer 20:00
0 Plays Today
% Correct
Ronaldo
96.2%
Cafu
94.1%
Roberto Carlos
92.6%
Taffarel
92.4%
Rivaldo
91.6%
Zinedine Zidane
90.7%
Fabien Barthez
90.6%
Paolo Maldini
90.1%
Tore Andre Flo
88.6%
Havard Flo
88.6%
Emmanuel Petit
86.6%
Peter Schmeichel
86.3%
Bixente Lizarazu
86.3%
Christian Vieri
86%
Lilian Thuram
86%
Didier Deschamps
85.7%
Bebeto
85.4%
Ole Gunnar Solskjaer
85.4%
Alessandro Del Piero
85.3%
Raul
85.3%
Marcel Desailly
85%
Marcelo Salas
83.9%
Laurent Blanc
83.9%
Dunga
82.8%
Alessandro Nesta
82.2%
Youri Djorkaeff
81.5%
Dino Baggio
80.7%
Michael Laudrup
80.5%
Brian Laudrup
80.4%
Ivan Zamorano
79.9%
Stephane Guivarc'h
79%
Henning Berg
78.6%
Aldair
77.4%
Fabio Cannavaro
76.7%
Alessandro Costacurta
76.6%
Christian Karembeu
74.6%
Gianluca Pagliuca
74.5%
Ronny Johnsen
73.1%
Fernando Hierro
72.6%
Hristo Stoichkov
72.3%
Mustapha Hadji
71.7%
José Luis Chilavert
71.4%
Cesar Sampaio
70.2%
Leonardo
69.3%
Demetrio Albertini
68.7%
Luis Enrique
68.1%
Rigobert Song
67.9%
Nwankwo Kanu
67.9%
Taribo West
67.2%
Benedict McCarthy
65.3%
Colin Hendry
64.3%
Jay-Jay Okocha
64.3%
Andoni Zubizarreta
62.5%
Miguel Angel Nadal
62.3%
Luigi Di Biagio
61.7%
John Collins
59.9%
Junior Baiano
59.3%
Celestine Babayaro
59.1%
Toni Polster
56.4%
% Correct
Peter Moller
56.2%
Sergi Barjuan
54.6%
Jim Leighton
53%
Patrick Mboma
53%
Sunday Oliseh
52.6%
Thomas Helveg
52.3%
Lucas Radebe
51.7%
Finidi George
50.3%
Oyvind Leonhardsen
48.8%
Stig Inge Bjornebye
47.9%
Jacques Songo'o
47.9%
Noureddine Naybet
47.4%
Tom Boyd
46%
Trifon Ivanov
45.6%
Kjetil Rekdal
44.8%
Sami Al-Jaber
44.5%
Victor Ikpeba
44.2%
Alfonso Perez
44.2%
Martin Jorgensen
43.2%
Frode Grodas
42.2%
Mario Haas
42.2%
Mark Fish
41.9%
Hans Vonk
40.9%
Emil Kostadinov
40.7%
Paul Lambert
40.4%
Kevin Gallacher
40.1%
Krassimir Balakov
40%
Allan Nielsen
39.8%
Youssef Chippo
39.1%
Joseba Etxeberria
38.9%
Guillermo Amor
37.1%
Dan Eggen
36.8%
Craig Burley
36.8%
Peter Rufai
35.9%
Pierre Issa
35.6%
Gordon Durie
35.1%
Erik Mykland
34.8%
Colin Calderwood
34.5%
Marc Rieper
34%
Nelson Tapia
32.7%
Michael Konsel
31.9%
Carlos Gamarra
30.4%
Quinton Fortune
29.6%
Salaheddine Bassir
29.5%
Celso Ayala
29.5%
Pierre Wome
28.9%
Francisco Arce
28.9%
Clarence Acuna
28.7%
Francesco Moriero
28.7%
Rafael Alkorta
28.7%
Jan Heintze
28.3%
Roberto Acuna
28.3%
Garba Lawal
27.8%
Jose Cardozo
27.8%
Shaun Bartlett
27.5%
Zdravko Zdravkov
27.1%
Pierre Njanka
26.7%
Jes Hogh
26.4%
Salomon Olembe
25.7%
% Correct
Abdeljalil Hadda
25.5%
Jose Luis Sierra
24.5%
Christian Dailly
23.7%
Saeed Al-Owairan
23.7%
Khamis Al-Owairan
22.8%
Uche Okechukwu
22.8%
Miguel Benitez
22.2%
Willem Jackson
21.3%
Darren Jackson
21.1%
Francois Omam-Biyik
20.1%
Wolfgang Feiersinger
19%
Mutiu Adepoju
18.7%
Raymond Kalla
17.9%
Javier Margas
17.8%
Francisco Rojas
16%
Juan Carlos Aguilera
15.7%
Youssef Rossi
14.3%
Soren Colding
14.1%
Radostin Kishishev
14.1%
Dietmar Kuhbauer
13.7%
Heimo Pfeifenberger
12.9%
Harald Cerny
12.6%
Driss Benzekri
12.5%
Pedro Reyes
12.2%
Zlatko Yankov
11.9%
Mohamed Al-Deayea
11.7%
Jorge Campos
11.1%
Saïd Chiba
10.8%
Peter Schottel
10.5%
Tahar El Khalej
9.7%
John Moshoeu
9.7%
Ronald Fuentes
9.6%
Carlos Paredes
9.3%
Abdelilah Saber
9.1%
Julio Cesar Enciso
9%
Ivaylo Petkov
8.1%
Helman Mkhalele
7.1%
Ilian Iliev
7.1%
Abdelkrim El Hadrioui
7%
Pedro Sarabia
7%
David Nyathi
6.7%
Fuad Amin
6.4%
Moises Villarroel
6.2%
Arnold Wetl
6.1%
Roman Mahlich
6.1%
Abdullah Zubromawi
5.9%
Joseph Ndo
5.8%
Samuel Ipoua
5.6%
Gosho Ginchev
4.9%
Nelson Parraguez
4.7%
Anatoli Nankov
3.6%
Mohammed Al-Khilaiwi
3.2%
Mohammed Al-Jahani
3%
Hussein Sulaimani
2.9%
Ibrahim Al-Shahrani
2.6%
Anton Pfeffer
2%
Hamzah Saleh
1.5%
Didier Angibeaud
1.1%

You're not logged in!

Compare scores with friends on all Sporcle quizzes.
Join for Free
OR
Log In

You Might Also Like...

Show Comments

Extras

Top Quizzes Today


Score Distribution

Your Account Isn't Verified!

In order to create a playlist on Sporcle, you need to verify the email address you used during registration. Go to your Sporcle Settings to finish the process.

Report this User

Report this user for behavior that violates our Community Guidelines.

Details: